000 01445nam a2200157 4500
999 _c511559
_d511559
008 190926b ||||| |||| 00| 0 eng d
100 _aEbdon, Carol et al
_911455
245 _aInstitutional arrangements for public library funding and spending
260 _bAmerican Review of Public Administration
300 _a49(5), Jul, 2019: p.532-544.
520 _aWide variation in institutional structure and funding patterns in public libraries make this government function useful for exploring the effect of these differences on expenditures. Based on literature related to willingness to pay, special districts, and fiscal illusion, we hypothesize that libraries with taxing authority and more revenues from nonlocal sources will have higher levels of spending. We use data from an Annual Public Library Survey, and U.S. Census data, in ordinary least squares (OLS) regressions for 2007 and 2010. We find that taxing authority leads to increased spending, as expected. However, the results of funding sources are contrary to expectations; relative reliance on nonlocal sources is generally associated with lower levels of spending. This may be due to “crowding-out” of local sources, and there may also be some effect from reduced state aid following the Great Recession. - Reproduced.
650 _aPublic library - United States
_911456
773 _aAmerican Review of Public Administration
906 _aLibraries
942 _2ddc
_cAR